Musculoskeletal examination of the shoulder : (Record no. 144361)
[ view plain ]
| 000 -LEADER | |
|---|---|
| fixed length control field | 02403nam a2200397 i 4500 |
| 001 - CONTROL NUMBER | |
| control field | ebr10801903 |
| 003 - CONTROL NUMBER IDENTIFIER | |
| control field | CaPaEBR |
| 006 - FIXED-LENGTH DATA ELEMENTS--ADDITIONAL MATERIAL CHARACTERISTICS--GENERAL INFORMATION | |
| fixed length control field | m o d |
| 007 - PHYSICAL DESCRIPTION FIXED FIELD--GENERAL INFORMATION | |
| fixed length control field | cr cn||||||||| |
| 008 - FIXED-LENGTH DATA ELEMENTS--GENERAL INFORMATION | |
| fixed length control field | 100624t20112011njua obf 000 0 eng|d |
| 020 ## - INTERNATIONAL STANDARD BOOK NUMBER | |
| Cancelled/invalid ISBN | 9781556429125 (alk. paper) |
| International Standard Book Number | 9781617117411 (e-book) |
| 040 ## - CATALOGING SOURCE | |
| Original cataloging agency | CaPaEBR |
| Language of cataloging | eng |
| Description conventions | rda |
| -- | pn |
| Transcribing agency | CaPaEBR |
| 035 ## - SYSTEM CONTROL NUMBER | |
| System control number | (OCoLC)874967758 |
| 050 14 - LIBRARY OF CONGRESS CALL NUMBER | |
| Classification number | RC939 |
| Item number | .M87 2011eb |
| 082 04 - DEWEY DECIMAL CLASSIFICATION NUMBER | |
| Classification number | 617.5/72 |
| Edition number | 22 |
| 245 00 - TITLE STATEMENT | |
| Title | Musculoskeletal examination of the shoulder : |
| Remainder of title | making the complex simple / |
| Statement of responsibility, etc | editor, Steven B. Cohen. |
| 264 #1 - PRODUCTION, PUBLICATION, DISTRIBUTION, MANUFACTURE, AND COPYRIGHT NOTICE | |
| Place of production, publication, distribution, manufacture | Thorofare, NJ : |
| Name of producer, publisher, distributor, manufacturer | SLACK Incorporated, |
| Date of production, publication, distribution, manufacture, or copyright notice | [2011] |
| Date of production, publication, distribution, manufacture, or copyright notice | �2011 |
| 300 ## - PHYSICAL DESCRIPTION | |
| Extent | 1 online resource (230 pages) : |
| Other physical details | illustrations. |
| 336 ## - CONTENT TYPE | |
| Content type term | text |
| Source | rdacontent |
| 337 ## - MEDIA TYPE | |
| Media type term | computer |
| Source | rdamedia |
| 338 ## - CARRIER TYPE | |
| Carrier type term | online resource |
| Source | rdacarrier |
| 440 #0 - SERIES STATEMENT/ADDED ENTRY--TITLE | |
| Title | Musculoskeletal examination : making the complex simple series |
| 504 ## - BIBLIOGRAPHY, ETC. NOTE | |
| Bibliography, etc | Includes bibliographical references. |
| 505 0# - FORMATTED CONTENTS NOTE | |
| Formatted contents note | PE of the shoulder : the basics and specific tests / Scott Montgomery and Misty Suri -- General imaging of the shoulder / George Paul Hobbs, Conor P. Shortt, and William B. Morrison -- Glenohumeral instability / Steven B. Cohen -- Labral tears : superior / Michael G. Ciccotti -- Rotator cuff / Gregg J. Jarit and David R. Diduch -- Biceps tendon / James R. Romanowski and Mark W. Rodosky -- Acromioclavicular joint / Michael Shin and Geoffrey S. Baer -- Glenohumeral arthritis / Gerald R. Williams, Jr. -- Fractures/trauma / Michael R. Tracy and Charles L. Getz. |
| 588 ## - SOURCE OF DESCRIPTION NOTE | |
| Source of description note | Description based on print version record. |
| 590 ## - LOCAL NOTE (RLIN) | |
| Local note | Electronic reproduction. Palo Alto, Calif. : ebrary, 2013. Available via World Wide Web. Access may be limited to ebrary affiliated libraries. |
| 650 #0 - SUBJECT ADDED ENTRY--TOPICAL TERM | |
| Topical term or geographic name as entry element | Shoulder |
| General subdivision | Examination |
| Form subdivision | Handbooks, manuals, etc. |
| Topical term or geographic name as entry element | Shoulder |
| General subdivision | Diseases |
| -- | Diagnosis |
| Form subdivision | Handbooks, manuals, etc. |
| 655 #0 - INDEX TERM--GENRE/FORM | |
| Genre/form data or focus term | Electronic books. |
| 700 1# - ADDED ENTRY--PERSONAL NAME | |
| Personal name | Cohen, Steven B., |
| Titles and other words associated with a name | M.D. |
| 776 08 - ADDITIONAL PHYSICAL FORM ENTRY | |
| Display text | Print version: |
| Title | Musculoskeletal examination of the shoulder : making the complex simple. |
| Place, publisher, and date of publication | Thorofare, NJ : SLACK Incorporated, [2011] |
| Physical description | xiv, 215 pages ; 22 cm. |
| Series data for related item | Musculoskeletal examination : making the complex simple series |
| International Standard Book Number | 9781556429125 |
| Record control number | (DNLM)101534177 |
| -- | (DLC)10801903 |
| 797 2# - LOCAL ADDED ENTRY--CORPORATE NAME (RLIN) | |
| Corporate name or jurisdiction name as entry element | ebrary. |
| 856 40 - ELECTRONIC LOCATION AND ACCESS | |
| Uniform Resource Identifier | <a href="http://site.ebrary.com/lib/rucke/Doc?id=10801903">http://site.ebrary.com/lib/rucke/Doc?id=10801903</a> |
| Public note | An electronic book accessible through the World Wide Web; click to view |
No items available.
